000 02180nam a2200433 c 4500
003 BLK
005 20200206115235.0
008 180408b bul|||||r ||||||| ||bul||
010 _aKNG00090441000
020 _a978-954-791-131-4
_bиздат.: Даниела Убенова - на том(т. 2)
040 _aBLK
041 _aBUL
_cBUL
080 _aОргани на обществения ред. Полиция. Обществена власт. Доброволни отреди. Държавна сигурност. Милиция. Дейност на полицията по вътрешно разузнаване
_b351.74
_x(497.2)(093.3)
_z351.74(497.2)(093.3)
080 _aВътрешна политика. Вж и 329
_b323
_x(497.2)(093.3)
_z323(497.2)(093.3)
100 1 _aСтоянов, Петър Христов
_eпърви автор
_9300383
700 1 _aКоларов, Михаил
_eсъстав.
_9372545
700 1 _aСтоянова, Цветана
_eсъстав.
_9370602
139 _aСтоянов, Петър Христов
_bС 83
245 1 0 _aШесто управление : моята истина
_bТ. 1 - 2
_cПетър Христов Стоянов; състав. Михаил Коларов; състав. Цветана Стоянова.
_nТ. 2
250 _a2. изд.
257 _aBGR
260 София
_c2009
300 _c21 см
380 _a3
500 _a1. изд. 2008 на изд. Бълг. писател.
650 4 _aДържавна сигурност - България
_9254494
650 4 _aВътрешна политика - България - спомени
_9264658
651 4 _aБългария
_9241624
653 _aдържавна сигурност
653 _aШесто управление
653 _aспомени
653 _aмемоари
760 1 _3- на том(т. 2)
_aСтоянов, Петър Христов
_b2. изд.
_dДаниела Убенова, 2009
_h408 с., 8 л. : ил.
_nБиблиогр. с. 397-406.
_tТ. 2
852 _aЦб 244658
856 4 _qpdf
_u
856 4 _qpdf
_u
942 _cKNG
_n0
_01
944 _aCR
_c07.07.2009
_lф /
_kЛюдмила_Стоянова
944 _aED
_c17.12.2012
_lф /
_k
999 _c85834
_d85834